Vowel Less Groups II - Statistics

General Stats
  • This quiz has been taken 21 times
  • The average score is 9 of 15
Answer Stats
Hint Answer % Correct
SHDWS Shadows
93%
GNSNRSS Guns N Roses
87%
PRTNDRS Pretenders
87%
WHTSNK Whitesnake
87%
CHCG Chicago
80%
WSTLF Westlife
73%
MTRHD Motorhead
67%
SWT Sweet
67%
BB Abba
60%
FX Fox
60%
RDHD Radiohead
53%
GWST Go West
40%
FRSSNS Four Seasons
33%
SPNDBLLT Spandau Ballet
33%
SNTTNN Saint Etienne
7%
No matching quizzes found
Score Distribution
Percent of People with Each Score
Percentile by Number Answered
Your Score History
You have not taken this quiz